000 00488nam a2200181Ia 4500
005 20250326142432.0
008 250326s9999 xx 000 0 und d
037 _aTextbook
040 _aFMSL
_beng
_cFMSL
041 _aeng
_2eng
084 _aX:79D M1
_qFMSL
100 _aBrown H P
_9581519
245 0 _aOrigins of trade union power
_cBrown H P
260 _aOxford
_bOxford, University
_c1983
300 _a326p
942 _cTB
_hX:79D M1
999 _c1295015
_d1295015